000
00224nam a22000857a 4500
008
170216b xxu||||| |||| 00| 0 eng d
100
_9
2891
_a
Wason.V
245
_a
Double Entry Book Keeping XII
260
_a
New Delhi
_b
S.Chand
_c
2011
999
_c
6120
_d
6120